[Event "SLO-ch U18"]
[Site "Kranj"]
[Date "1996.??.??"]
[Round "7"]
[White "Pavlovic, Zeljko"]
[Black "Smole, T."]
[Result "1-0"]
[WhiteElo "1910"]
[BlackElo "1680"]
[PlyCount "59"]
[EventDate "1996.??.??"]
[EventType "swiss"]
[EventRounds "9"]
[EventCountry "SLO"]
[SourceTitle "EXT 1998"]
[Source "ChessBase"]
[SourceDate "1997.11.17"]
[SourceVersion "1"]
[SourceVersionDate "1997.11.17"]
[SourceQuality "1"]

1. e4 e5 2. Nf3 Nc6 3. Bb5 a6 4. Ba4 b5 5. Bb3 Bc5 6. c3 Nf6 7. d4 exd4 8. e5 dxc3 9. exf6 Qxf6 10. Nxc3 0-0 11. 0-0 d6 12. Ne4 Qg6 13. Nxc5 dxc5 14. Bc2 Qh5 15. Be4 Bb7 16. Qc2 Rfe8 17. Qb1 Rad8 18. Be3 g6 19. Ng5 h6 20. Bf3 Qh4 21. g3 Qc4 22. Ne4 Kg7 23. Rc1 Qd3 24. Qxd3 Rxd3 25. Nxc5 Rdxe3 26. fxe3 Rxe3 27. Nxb7 Nd4 28. Bg2 Ne2+ 29. Kf2 Nxc1 30. Kxe3 1-0

[Event "Bled op U18"]
[Site "Bled"]
[Date "1996.??.??"]
[Round "4"]
[White "Smole, T."]
[Black "Petek, Primoz"]
[Result "1/2-1/2"]
[WhiteElo "1680"]
[BlackElo "1705"]
[PlyCount "100"]
[EventDate "1996.03.??"]
[EventType "swiss"]
[EventRounds "8"]
[EventCountry "SLO"]
[SourceTitle "CBM 051 Extra"]
[Source "ChessBase"]
[SourceDate "1996.05.01"]
[SourceVersion "1"]
[SourceVersionDate "1996.05.01"]
[SourceQuality "1"]

1. c4 e5 2. Nc3 Nf6 3. g3 Nc6 4. Bg2 Bb4 5. Nf3 d6 6. 0-0 0-0 7. b3 Ne8 8. Bb2 f5 9. d4 e4 10. Ne1 Nf6 11. Nc2 Bxc3 12. Bxc3 Ng4 13. h3 Nh6 14. Kh2 Qg5 15. Bd2 Qh5 16. Bxh6 Qxh6 17. Qc1 Qh5 18. e3 g5 19. Qd2 Rf6 20. Qd1 Rh6 21. Qxh5 Rxh5 22. Rad1 Bd7 23. Rc1 Rf8 24. Kg1 Rh6 25. f4 Rg6 26. Kh2 g4 27. h4 a5 28. d5 Ne7 29. Nd4 c5 30. dxc6 Nxc6 31. Nxc6 bxc6 32. Rcd1 a4 33. Rd2 axb3 34. axb3 Kf7 35. c5 Ke7 36. cxd6+ Rxd6 37. Rxd6 Kxd6 38. Rd1+ Kc7 39. Kg1 Rb8 40. Rb1 Be6 41. b4 Bc4 42. Bf1 Bxf1 43. Kxf1 Rd8 44. Rc1 Kb6 45. Rc5 Rd5 46. Rc1 Kb5 47. Ke2 Kb6 48. Rc4 Kb7 49. Rc2 Kb6 50. Rc4 Kb5 1/2-1/2

[Event "SLO-ch U18"]
[Site "Kranj"]
[Date "1996.??.??"]
[Round "4"]
[White "Smole, T."]
[Black "Podbelsek, P."]
[Result "1-0"]
[WhiteElo "1680"]
[BlackElo "1625"]
[PlyCount "87"]
[EventDate "1996.??.??"]
[EventType "swiss"]
[EventRounds "9"]
[EventCountry "SLO"]
[SourceTitle "EXT 1998"]
[Source "ChessBase"]
[SourceDate "1997.11.17"]
[SourceVersion "1"]
[SourceVersionDate "1997.11.17"]
[SourceQuality "1"]

1. c4 e5 2. Nc3 Nc6 3. g3 Nf6 4. Bg2 Bb4 5. Nf3 Bxc3 6. bxc3 d6 7. d3 h6 8. 0-0 0-0 9. Bd2 Nh7 10. Qc2 f5 11. Nh4 Qf6 12. Qb3 Kh8 13. Rfe1 f4 14. Be4 Re8 15. Ng6+ Kg8 16. c5+ Be6 17. Qxb7 d5 18. Bg2 Qxg6 19. Qxc6 Qf7 20. Qa4 Rf8 21. Rf1 Qe7 22. Qc6 Rad8 23. Rab1 Kh8 24. Rb7 Qf7 25. Rxa7 Ng5 26. Rxc7 Rd7 27. Rxd7 Bxd7 28. Qxd5 Nh3+ 29. Kh1 Qxd5 30. Bxd5 fxg3 31. hxg3 Nxf2+ 32. Kg1 Nh3+ 33. Kg2 Rb8 34. c6 Bg4 35. Bf3 Be6 36. c4 Rb2 37. Bc3 Rxa2 38. Bxe5 Ng5 39. c7 Bc8 40. Rb1 Bh3+ 41. Kf2 Kh7 42. Rb8 Nxf3 43. Kxf3 h5 44. c8Q 1-0

[Event "SLO-ch U18"]
[Site "Kranj"]
[Date "1996.??.??"]
[Round "1"]
[White "Starcic, Tadej"]
[Black "Smole, T."]
[Result "1-0"]
[WhiteElo "1895"]
[BlackElo "1680"]
[PlyCount "51"]
[EventDate "1996.??.??"]
[EventType "swiss"]
[EventRounds "9"]
[EventCountry "SLO"]
[SourceTitle "EXT 1998"]
[Source "ChessBase"]
[SourceDate "1997.11.17"]
[SourceVersion "1"]
[SourceVersionDate "1997.11.17"]
[SourceQuality "1"]

1. d4 d5 2. c4 dxc4 3. e4 e6 4. Nc3 Nf6 5. Bxc4 Bb4 6. e5 Nd5 7. Nge2 Nc6 8. 0-0 Bxc3 9. bxc3 h6 10. a4 0-0 11. Qd3 Bd7 12. Qg3 Nce7 13. Bd3 Kh8 14. Bc2 Nf5 15. Qd3 g6 16. Ng3 Nxg3 17. fxg3 h5 18. Bh6 Kg8 19. Qf3 Qe7 20. g4 hxg4 21. Qxg4 Kh7 22. Bg5 f6 23. Bxg6+ Kg8 24. exf6 Qd6 25. f7+ Kg7 26. Bf6+ 1-0